000 01721 a2200241 4500
020 _a032426044X
020 _a9780324260441
082 0 4 _a330
090 _c3511
_d3511
100 1 _aHall, Robert E.
245 1 0 _aMicroeconomics :
_bprinciples and applications /
_cRobert E. Hall.
250 _a3nd ed.
260 _a[S.l.] :
_bSouth-Western College Pub,
_c2004.
300 _a608 p. ;
_c26 cm.
490 1 _aWith infotrac.
500 _aPaperback.
520 _aThis is a no-nonsense principles book that emphasizes economic theory and applications. The book is a study tool for students and the pedagogical approach and in-text features were chosen to reinforce that theme. It provides students with a picture of economics as a unified discipline, a set of interrelated tools and ideas that can be used to look at the world in a different way, and the less-is-more approach has been carefully crafted in both content and supporting pedagogy to keep students focused on learning and applying the central ideas used in economic analysis. It teaches students how to use analytical processes in developing their own economic analysis skills. Hall/Lieberman's careful focus on core theoretical ideas, as well as their systematic application of theoretical tools to timely real-world questions, conveys the message that economics is an integrated, powerful body of knowledge that can be used to address domestic and global issues.
700 1 _aLieberman, Marc.
830 0 _aWith infotrac.
856 4 0 _3Amazon.com
_uhttp://www.amazon.com/exec/obidos/ASIN/032426044X/chopaconline-20
856 4 0 _3Amazon customer reviews
_uhttp://www.chopac.org/cgi-bin/tools/azrev.pl?q=032426044X
942 _aNBS
_cBK
_k338.5 HAL
999 _c345987
_d345987